000 00377 a2200157 4500
001 154877
020 _a9788526284623
040 _cEscola São Tomás de Aquino
100 _aLUZ, Antônio Máximo da
240 1 0 _aFísica contexto & aplicações
_lpor
245 1 0 _aFísica contexto & aplicações
300 _a368
362 0 _a2011
697 _aFÍSICA
942 _cBK
999 _c154877
_d154877